000 00455nam a2200181Ia 4500
008 230711s9999||||xx |||||||||||||| ||und||
020 _a978-81-317-2695-2
041 _aENG
082 _a621.3822
_bGO-D
100 _aGonzalez,Rafael C
245 0 _aDigital image processing using matlab
250 _a1st Ed.
260 _c2009
_aNew Delhi
_bPearson
300 _a954
650 _aElectronics Engineering
700 _aWoods,Richard E
942 _cBK
999 _c4568
_d4568